Building Blocks for Theoretical Computer Science(Version 1.3) / (Record no. 291025)
[ view plain ]
| 000 -LEADER | |
|---|---|
| fixed length control field | 00428nam a2200133Ia 4500 |
| 008 - FIXED-LENGTH DATA ELEMENTS--GENERAL INFORMATION | |
| fixed length control field | 160227s9999 xx 000 0 und d |
| 100 ## - MAIN ENTRY--PERSONAL NAME | |
| Personal name | Fleck, M. |
| 245 ## - TITLE STATEMENT | |
| Title | Building Blocks for Theoretical Computer Science(Version 1.3) / |
| 245 ## - TITLE STATEMENT | |
| Statement of responsibility, etc | M. Fleck. |
| 260 ## - PUBLICATION, DISTRIBUTION, ETC. (IMPRINT) | |
| Name of publisher, distributor, etc | University of Illinois. |
| 260 ## - PUBLICATION, DISTRIBUTION, ETC. (IMPRINT) | |
| Date of publication, distribution, etc | 2013 |
| 650 ## - SUBJECT ADDED ENTRY--TOPICAL TERM | |
| General subdivision | Computer Science. |
| 856 ## - ELECTRONIC LOCATION AND ACCESS | |
| Uniform Resource Identifier | <a href="http://mfleck.cs.illinois.edu/building-blocks/version-1.3/whole-book.pdf">http://mfleck.cs.illinois.edu/building-blocks/version-1.3/whole-book.pdf</a> |
| Withdrawn status | Lost status | Damaged status | Home library | Current library | Date acquired | Total Checkouts | Date last seen | Price effective from | Koha item type |
|---|---|---|---|---|---|---|---|---|---|
| College Library | College Library | 02/27/2016 | 02/27/2016 | 02/27/2016 | Curriculum - Based eBooks |